[Event "Almansa 2014 - Torneo B"]
[Site "Almansa ESP"]
[Date "2014.08.07"]
[Round "5.10"]
[White "Escalante Ortega, Fernando"]
[Black "Cano Gimenez, Vicente"]
[Result "1/2-1/2"]
[WhiteElo "1860"]
[BlackElo "1655"]
[PlyCount "74"]
[EventDate "2014.08.05"]
[EventType "swiss"]
[EventRounds "9"]
[EventCountry "ESP"]
[Source "lmi"]
[SourceDate "2014.08.05"]

1. e4 e5 2. Nf3 Nc6 3. d4 exd4 4. Bc4 Nf6 5. e5 d5 6. Bb5 Ne4 7. Nxd4 Bd7 8.
Bxc6 bxc6 9. O-O Bc5 10. Be3 Bb6 11. f3 Ng5 12. f4 Ne4 13. c3 h6 14. Nd2 Nxd2
15. Qxd2 O-O 16. Nb3 Re8 17. Rae1 f6 18. Bxb6 cxb6 19. Nd4 fxe5 20. fxe5 c5 21.
Nf5 Bxf5 22. Rxf5 Qd7 23. e6 Rxe6 24. Rxe6 Qxe6 25. Qxd5 Qxd5 26. Rxd5 Rf8 27.
Rd7 Rf7 28. Rxf7 Kxf7 29. Kf2 Ke6 30. Ke3 Ke5 31. c4 h5 32. g3 g5 33. h3 g4 34.
h4 a5 35. b3 Kf5 36. Kd3 Ke5 37. a3 Kf5 1/2-1/2

[Event "Almansa 2014 - Torneo B"]
[Site "Almansa ESP"]
[Date "2014.08.08"]
[Round "6.1"]
[White "Perez Beltran, Jose Maria"]
[Black "Idiazabal Troyas, Aritz"]
[Result "1/2-1/2"]
[WhiteElo "1697"]
[BlackElo "1979"]
[PlyCount "108"]
[EventDate "2014.08.05"]
[EventType "swiss"]
[EventRounds "9"]
[EventCountry "ESP"]
[Source "lmi"]
[SourceDate "2014.08.05"]

1. d4 c5 2. d5 e5 3. e4 d6 4. Nd2 Be7 5. Bd3 Nd7 6. a4 Ngf6 7. Ne2 Nf8 8. O-O
Ng6 9. Nc4 O-O 10. Qe1 Ne8 11. Ne3 Bg5 12. c4 Bxe3 13. Bxe3 Nf6 14. b4 b6 15.
a5 Rb8 16. axb6 axb6 17. f3 Nh5 18. Qc3 f5 19. exf5 Bxf5 20. Rfb1 Bxd3 21. Qxd3
Nhf4 22. Bxf4 Nxf4 23. Nxf4 Rxf4 24. Ra7 cxb4 25. Rxb4 b5 26. Ra1 Qb6+ 27. Kf1
Rd4 28. Qe2 Qc5 29. Rab1 Rc8 30. Rxb5 Qxc4 31. Rb8 Qxe2+ 32. Kxe2 Rxb8 33.
Rxb8+ Kf7 34. Rb5 Kf6 35. Ke3 h5 36. g3 Kf5 37. h4 g5 38. hxg5 Kxg5 39. Ra5 Kf5
40. Rb5 Rd1 41. Ra5 Rg1 42. Kf2 Rd1 43. Ke3 Kg5 44. Rb5 Rd4 45. Ra5 h4 46.
gxh4+ Kxh4 47. Kf2 Kg5 48. Ke3 Kf5 49. Rb5 Kf6 50. Ke2 Ke7 51. Ke3 Kf6 52. Ke2
e4 53. Ke3 Rd1 54. Kxe4 Re1+ 1/2-1/2

[Event "Almansa 2014 - Torneo B"]
[Site "Almansa ESP"]
[Date "2014.08.08"]
[Round "6.2"]
[White "Piqueras Guardiola, Francisco"]
[Black "Moreno Brocalero, Jorge"]
[Result "1-0"]
[WhiteElo "1830"]
[BlackElo "1960"]
[PlyCount "85"]
[EventDate "2014.08.05"]
[EventType "swiss"]
[EventRounds "9"]
[EventCountry "ESP"]
[Source "lmi"]
[SourceDate "2014.08.05"]

1. d4 e6 2. c4 d5 3. Nc3 Nf6 4. Bg5 Be7 5. Nf3 b6 6. e3 Bb7 7. Rc1 O-O 8. cxd5
exd5 9. Bd3 c5 10. O-O c4 11. Bb1 a6 12. Ne5 b5 13. Qf3 Ra7 14. Qh3 Ne4 15.
Nxe4 dxe4 16. Bf4 g5 17. Bg3 Qc8 18. Qxc8 Rxc8 19. f3 f6 20. Ng4 exf3 21. gxf3
h5 22. Nh6+ Kg7 23. Nf5+ Kf7 24. Nxe7 Kxe7 25. Bf5 Nd7 26. e4 a5 27. Rc2 Ba6
28. Rfc1 b4 29. Be1 Rb8 30. Rg2 Rg8 31. h4 Raa8 32. Kh2 gxh4 33. Rxg8 Rxg8 34.
Bxh4 Kd6 35. Bg3+ Ke7 36. Bc7 a4 37. Ba5 Rb8 38. Rg1 Kd6 39. e5+ fxe5 40. Rg6+
Kd5 41. Bxd7 exd4 42. Bc7 Rf8 43. Rg5+ 1-0

[Event "Almansa 2014 - Torneo B"]
[Site "Almansa ESP"]
[Date "2014.08.08"]
[Round "6.3"]
[White "Guillen Beltran, Juan"]
[Black "Boj Marques, Javier"]
[Result "1/2-1/2"]
[WhiteElo "1755"]
[BlackElo "1950"]
[PlyCount "53"]
[EventDate "2014.08.05"]
[EventType "swiss"]
[EventRounds "9"]
[EventCountry "ESP"]
[Source "lmi"]
[SourceDate "2014.08.05"]

1. e4 e5 2. Nf3 Nc6 3. Bc4 Bc5 4. Nc3 d6 5. Na4 Bb6 6. Nxb6 axb6 7. d4 exd4 8.
Nxd4 Nxd4 9. Qxd4 Qf6 10. Be3 Qxd4 11. Bxd4 f6 12. O-O Ne7 13. f4 Nc6 14. Bc3
Na5 15. Bb5+ Bd7 16. Bxd7+ Kxd7 17. Bxa5 Rxa5 18. Rfe1 Rha8 19. a3 Rb5 20. b4
Rh5 21. Re3 f5 22. exf5 Rxf5 23. g3 Rf7 24. Kf2 Re7 25. Rxe7+ Kxe7 26. Re1+ Kd7
27. Re3 1/2-1/2

[Event "Almansa 2014 - Torneo B"]
[Site "Almansa ESP"]
[Date "2014.08.08"]
[Round "6.4"]
[White "Castillo Garcia, Adrian"]
[Black "Lopez Perez, Alberto Jose"]
[Result "0-1"]
[WhiteElo "1719"]
[BlackElo "1878"]
[PlyCount "62"]
[EventDate "2014.08.05"]
[EventType "swiss"]
[EventRounds "9"]
[EventCountry "ESP"]
[Source "lmi"]
[SourceDate "2014.08.05"]

1. c4 Nf6 2. Nc3 e6 3. Nf3 d5 4. d4 Be7 5. g3 O-O 6. Bg2 c6 7. O-O Nfd7 8. b3
Bf6 9. Bf4 Re8 10. Rc1 Nb6 11. Qd3 N8d7 12. c5 e5 13. Nxe5 Bxe5 14. dxe5 Nxc5
15. Qd2 Ne6 16. Rfd1 Nxf4 17. gxf4 Bg4 18. Qe3 Qh4 19. Qg3 Qh5 20. Rd2 Re6 21.
h3 Bf5 22. Kh2 Rae8 23. Nd1 Rg6 24. Qf3 Qh4 25. Qe3 Ree6 26. Nc3 Rxg2+ 27. Kxg2
Rg6+ 28. Kh2 Bxh3 29. Qxh3 Qxf4+ 30. Kh1 Rh6 31. Qxh6 Qxh6+ 0-1

[Event "Almansa 2014 - Torneo B"]
[Site "Almansa ESP"]
[Date "2014.08.08"]
[Round "6.5"]
[White "Cebrian Flores, Juan Antonio"]
[Black "Molla Gil, Pablo"]
[Result "0-1"]
[WhiteElo "1995"]
[BlackElo "1789"]
[PlyCount "70"]
[EventDate "2014.08.05"]
[EventType "swiss"]
[EventRounds "9"]
[EventCountry "ESP"]
[Source "lmi"]
[SourceDate "2014.08.05"]

1. e4 e5 2. Nf3 Nc6 3. Bb5 a6 4. Bxc6 dxc6 5. O-O Bd6 6. d4 Bg4 7. c3 Nf6 8. h3
Bxf3 9. Qxf3 O-O 10. Bg5 Re8 11. Re1 exd4 12. cxd4 Be7 13. Bxf6 Bxf6 14. Nc3
Qxd4 15. Rad1 Qb4 16. Re2 h6 17. Rd7 Rac8 18. Qh5 Re7 19. Qf5 g6 20. Rd4 gxf5
21. Rxb4 Bxc3 22. bxc3 b6 23. Re3 fxe4 24. Rexe4 Rxe4 25. Rxe4 Rd8 26. Re7 Rd1+
27. Kh2 Rc1 28. Rxc7 Rxc3 29. f3 Kg7 30. Kg3 a5 31. Kf4 b5 32. g4 b4 33. h4 a4
34. h5 a3 35. g5 Rc4+ 0-1

[Event "Almansa 2014 - Torneo B"]
[Site "Almansa ESP"]
[Date "2014.08.08"]
[Round "6.6"]
[White "Perez Torres, Juan Jose"]
[Black "Pastor Villalba, Arturo"]
[Result "0-1"]
[WhiteElo "1983"]
[BlackElo "1802"]
[PlyCount "86"]
[EventDate "2014.08.05"]
[EventType "swiss"]
[EventRounds "9"]
[EventCountry "ESP"]
[Source "lmi"]
[SourceDate "2014.08.05"]

1. e4 e6 2. d4 d5 3. exd5 exd5 4. Nf3 Bd6 5. Be2 Ne7 6. O-O O-O 7. h3 Bf5 8.
Be3 Nd7 9. c4 dxc4 10. Bxc4 Nb6 11. Bb3 Ned5 12. Nc3 c6 13. Rc1 Re8 14. Re1 Qd7
15. Bc2 f6 16. Bxf5 Qxf5 17. Nh4 Qd7 18. Qf3 Nxc3 19. bxc3 Ba3 20. Rcd1 Qd5 21.
Qg4 Re4 22. f4 Rae8 23. Bf2 Kf7 24. Nf5 g6 25. Ne3 Qa5 26. Qh4 Kg7 27. Ng4
Rxe1+ 28. Bxe1 Qf5 29. Bd2 h5 30. Ne3 Qd3 31. Qg3 Nc4 32. Bc1 Rxe3 33. Rxd3
Rxg3 34. Rxg3 Bxc1 35. f5 g5 36. h4 Be3+ 37. Kf1 Bf4 38. Rh3 Ne3+ 39. Kf2 Nxf5
40. hxg5 fxg5 41. Rxh5 Bg3+ 42. Kf3 Bh4 43. Kg4 Ng3 0-1

[Event "Almansa 2014 - Torneo B"]
[Site "Almansa ESP"]
[Date "2014.08.08"]
[Round "6.7"]
[White "Lucas Leon, Angel"]
[Black "Cano Gimenez, Vicente"]
[Result "0-1"]
[WhiteElo "1863"]
[BlackElo "1715"]
[PlyCount "69"]
[EventDate "2014.08.05"]
[EventType "swiss"]
[EventRounds "9"]
[EventCountry "ESP"]
[Source "lmi"]
[SourceDate "2014.08.05"]

1. d4 c5 2. Nf3 cxd4 3. Nxd4 Nc6 4. c3 g6 5. e4 Bg7 6. Be3 Nf6 7. Nd2 O-O 8.
Bb5 Qc7 9. O-O d5 10. exd5 Nxd5 11. Qf3 Nxe3 12. fxe3 Ne5 13. Qg3 Qb6 14. Rab1
Ng4 15. Nc4 Qc5 16. b4 Qd5 17. Na3 Be5 18. Bc4 Bxg3 19. Bxd5 Bxh2+ 20. Kh1 Nxe3
21. Bxf7+ Rxf7 22. Rxf7 Kxf7 23. Kxh2 e5 24. Ndb5 Bf5 25. Re1 Ng4+ 26. Kg3 Kf6
27. Rd1 Kg5 28. Nd6 b6 29. Nab5 h5 30. Nc7 h4+ 31. Kf3 e4+ 32. Ke2 Rb8 33. Rd5
Nf6 34. Rd4 Kf4 35. Rd1 0-1

[Event "Almansa 2014 - Torneo B"]
[Site "Almansa ESP"]
[Date "2014.08.08"]
[Round "6.8"]
[White "Hernandez Recio, Roberto"]
[Black "Quiralte Lara, Jose Maria"]
[Result "1-0"]
[WhiteElo "1860"]
[BlackElo "1449"]
[PlyCount "53"]
[EventDate "2014.08.05"]
[EventType "swiss"]
[EventRounds "9"]
[EventCountry "ESP"]
[Source "lmi"]
[SourceDate "2014.08.05"]

1. d4 Nf6 2. c4 c5 3. e3 e6 4. Nc3 d5 5. Nf3 Nc6 6. a3 Be7 7. Bd3 O-O 8. O-O
cxd4 9. exd4 dxc4 10. Bxc4 Qc7 11. Qe2 a6 12. Ba2 Rd8 13. Rd1 b5 14. Bg5 Nd5
15. Nxd5 exd5 16. Rac1 Bxg5 17. Nxg5 Bb7 18. Qh5 h6 19. Bb1 Qe7 20. h4 Na5 21.
Rc3 Nc4 22. Rg3 Rd6 23. b3 Nxa3 24. Re3 Qd7 25. Bh7+ Kf8 26. Rde1 hxg5 27. Bf5
1-0

[Event "Almansa 2014 - Torneo B"]
[Site "Almansa ESP"]
[Date "2014.08.08"]
[Round "6.9"]
[White "Lozano Osorio, Isaac"]
[Black "Jarque Megias, Juan Jose"]
[Result "1-0"]
[WhiteElo "1767"]
[BlackElo "1854"]
[PlyCount "73"]
[EventDate "2014.08.05"]
[EventType "swiss"]
[EventRounds "9"]
[EventCountry "ESP"]
[Source "lmi"]
[SourceDate "2014.08.05"]

1. d4 Nf6 2. Nf3 g6 3. e3 Bg7 4. Bd3 O-O 5. O-O d6 6. b3 Nbd7 7. Bb2 c5 8. c4
a6 9. Nbd2 Rb8 10. Qe2 Ne8 11. Ne4 f5 12. Neg5 Nc7 13. d5 h6 14. Bxg7 Kxg7 15.
Nh3 Nf6 16. Nh4 e5 17. dxe6 Bxe6 18. Nf4 Bf7 19. Rad1 Ne4 20. g3 Qf6 21. Bxe4
fxe4 22. Qg4 Kh7 23. Qd7 Ne8 24. Nhxg6 Rg8 25. Ne7 Rg5 26. Ned5 Qg7 27. Ne6
Bxe6 28. Qxe6 Re5 29. Qh3 Qf7 30. Qg4 Nc7 31. f4 Ree8 32. Nxc7 Qxc7 33. f5 Rg8
34. Qxe4 Rbe8 35. Qf4 Rd8 36. Rd5 Rgf8 37. f6 1-0

[Event "Almansa 2014 - Torneo B"]
[Site "Almansa ESP"]
[Date "2014.08.08"]
[Round "6.29"]
[White "Alvarez Morales, Miguel"]
[Black "Diaz Rodriguez, Jose Antonio"]
[Result "1/2-1/2"]
[WhiteElo "1979"]
[BlackElo "1989"]
[PlyCount "95"]
[EventDate "2014.08.05"]
[EventType "swiss"]
[EventRounds "9"]
[EventCountry "ESP"]
[Source "lmi"]
[SourceDate "2014.08.05"]

1. c4 Nf6 2. Nc3 d6 3. Nf3 e5 4. d3 c6 5. g3 Be7 6. Bg2 O-O 7. O-O Nbd7 8. b4
d5 9. cxd5 cxd5 10. Qb3 d4 11. Na4 Rb8 12. Bg5 b6 13. b5 Bb7 14. Rfc1 Bc5 15.
Nb2 h6 16. Bxf6 Qxf6 17. Nc4 e4 18. dxe4 Bxe4 19. Nfd2 Bxg2 20. Kxg2 Rfe8 21.
Qd3 Qe6 22. Re1 Nf6 23. a3 Nd5 24. Nb3 Qg4 25. Qf3 Qxf3+ 26. Kxf3 Nc3 27. Nxc5
bxc5 28. a4 Re6 29. Ra3 Rbe8 30. e3 Ne4 31. Kg2 Nc3 32. Kf3 Nd5 33. Rd1 Rf6+
34. Kg2 Nc3 35. Rd3 Ne4 36. f3 Nd6 37. Nxd6 Rxd6 38. exd4 cxd4 39. Ra2 Rc8 40.
f4 f5 41. Rb2 Rc3 42. Rbd2 Rc4 43. Ra3 Rb4 44. Raa2 a6 45. Rdb2 Rxb2+ 46. Rxb2
axb5 47. axb5 d3 48. Rd2 1/2-1/2

[Event "Almansa 2014 - Torneo B"]
[Site "Almansa ESP"]
[Date "2014.08.08"]
[Round "7.1"]
[White "Idiazabal Troyas, Aritz"]
[Black "Perez Garcia, Juan Angel"]
[Result "0-1"]
[WhiteElo "1979"]
[BlackElo "1881"]
[PlyCount "154"]
[EventDate "2014.08.05"]
[EventType "swiss"]
[EventRounds "9"]
[EventCountry "ESP"]
[Source "lmi"]
[SourceDate "2014.08.05"]

1. e4 g6 2. d4 Bg7 3. f4 d5 4. e5 c5 5. c3 cxd4 6. cxd4 Nc6 7. Nc3 Nh6 8. Bb5
O-O 9. Nf3 Bg4 10. O-O Nf5 11. Bxc6 bxc6 12. h3 Bxf3 13. Rxf3 Rb8 14. g4 Nh6
15. f5 f6 16. e6 Kh8 17. Qe1 c5 18. dxc5 d4 19. Ne2 gxf5 20. gxf5 Qd5 21. Qf2
Rfd8 22. Bd2 Rxb2 23. Nxd4 Qxc5 24. Nb3 Qd5 25. Rf1 Rxa2 26. Rg3 Rxd2 27. Nxd2
Qxd2 28. Qxd2 Rxd2 29. Rb3 Ra2 30. Rb8+ Ng8 31. Rf3 h5 32. Rf2 Ra5 33. Kg2 Kh7
34. Rb4 Rc5 35. Kg3 a5 36. Rh4 Kh6 37. Ra4 Rb5 38. Kf4 Kh7 39. Ke3 Bh6+ 40. Kd3
Bg5 41. Rfa2 Rd5+ 42. Ke4 Re5+ 43. Kd4 Be3+ 44. Kd3 Bb6 45. Rb2 Bc7 46. Rc4 Bd6
47. Rf2 Nh6 48. Rcf4 Rd5+ 49. Rd4 Rxf5 50. Rxf5 Nxf5 51. Rd5 Ng7 52. Rxa5 Kg6
53. Ke3 Nxe6 54. Kf3 h4 55. Ra8 Kf7 56. Rh8 Bg3 57. Ra8 Kg6 58. Re8 Ng5+ 59.
Kg2 e6 60. Rg8+ Kf5 61. Ra8 e5 62. Ra5 Kf4 63. Ra4+ e4 64. Ra6 f5 65. Ra4 Ne6
66. Ra6 Nc5 67. Rc6 Nd3 68. Rc4 Ke3 69. Rc3 f4 70. Ra3 f3+ 71. Kh1 Be1 72. Kg1
Ke2 73. Ra2+ Bd2 74. Kh1 f2 75. Kh2 Ke1 76. Ra1+ Nc1 77. Rb1 Bf4+ 0-1

[Event "Almansa 2014 - Torneo B"]
[Site "Almansa ESP"]
[Date "2014.08.08"]
[Round "7.2"]
[White "Lopez Perez, Alberto Jose"]
[Black "Alvarez Morales, Miguel"]
[Result "0-1"]
[WhiteElo "1878"]
[BlackElo "1979"]
[PlyCount "114"]
[EventDate "2014.08.05"]
[EventType "swiss"]
[EventRounds "9"]
[EventCountry "ESP"]
[Source "lmi"]
[SourceDate "2014.08.05"]

1. e4 Nf6 2. Nc3 d5 3. exd5 Nxd5 4. Bc4 Be6 5. Qf3 c6 6. Nge2 Nc7 7. Bxe6 Nxe6
8. O-O Nd7 9. d4 Nf6 10. Be3 g6 11. Rad1 Bg7 12. d5 cxd5 13. Nxd5 Nxd5 14. Rxd5
Qc7 15. c3 O-O 16. Rfd1 Rfd8 17. Nf4 Nxf4 18. Bxf4 e5 19. Bg5 Rxd5 20. Qxd5 h6
21. Be3 a6 22. Qd7 Rc8 23. Bb6 Qb8 24. Kf1 Bf6 25. Rd6 Kg7 26. f4 Rc4 27. fxe5
Bxe5 28. Bd4 Rxd4 29. Rxd4 Bxd4 30. Qxd4+ Kg8 31. h3 Qe8 32. b3 Qb5+ 33. c4
Qf5+ 34. Ke2 Qc2+ 35. Qd2 Qe4+ 36. Kd1 h5 37. Kc1 Qc6 38. Kb2 Kg7 39. Kc3 Qc7
40. b4 f6 41. c5 a5 42. Qd6 Qxd6 43. cxd6 Kf7 44. bxa5 Ke6 45. a6 bxa6 46. Kb4
Kxd6 47. Ka5 g5 48. Kxa6 f5 49. Kb6 f4 50. a4 g4 51. hxg4 hxg4 52. a5 f3 53.
gxf3 g3 54. a6 g2 55. a7 g1=Q+ 56. Kb7 Qb1+ 57. Kc8 Qb6 0-1

[Event "Almansa 2014 - Torneo B"]
[Site "Almansa ESP"]
[Date "2014.08.08"]
[Round "7.3"]
[White "Pastor Villalba, Arturo"]
[Black "Perez Beltran, Jose Maria"]
[Result "0-1"]
[WhiteElo "1802"]
[BlackElo "1697"]
[PlyCount "66"]
[EventDate "2014.08.05"]
[EventType "swiss"]
[EventRounds "9"]
[EventCountry "ESP"]
[Source "lmi"]
[SourceDate "2014.08.05"]

1. d4 Nf6 2. c4 e6 3. Nf3 d5 4. Nc3 c6 5. e3 Nbd7 6. Qc2 Bb4 7. Bd3 a6 8. O-O
O-O 9. e4 Bxc3 10. bxc3 dxe4 11. Bxe4 Qc7 12. Bd3 h6 13. Re1 c5 14. Ne5 Nxe5
15. dxe5 Nd7 16. Qe2 Rd8 17. Qe4 f5 18. exf6 Nxf6 19. Qf3 e5 20. Qg3 Be6 21.
Bc2 Bxc4 22. Bxh6 Re8 23. Bg5 Qd6 24. Qh4 b5 25. Bg6 Bf7 26. Bf5 Rad8 27. Bc2
Qe6 28. Rad1 Rxd1 29. Rxd1 Qxa2 30. Bf5 Qe2 31. Rf1 Qh5 32. Qg3 Bg6 33. Bh3 Ne4
0-1

[Event "Almansa 2014 - Torneo B"]
[Site "Almansa ESP"]
[Date "2014.08.08"]
[Round "7.4"]
[White "Boj Marques, Javier"]
[Black "Lozano Osorio, Isaac"]
[Result "1/2-1/2"]
[WhiteElo "1950"]
[BlackElo "1767"]
[PlyCount "41"]
[EventDate "2014.08.05"]
[EventType "swiss"]
[EventRounds "9"]
[EventCountry "ESP"]
[Source "lmi"]
[SourceDate "2014.08.05"]

1. d4 d6 2. Nc3 Nf6 3. Bg5 Nbd7 4. Nf3 c6 5. Qd2 b5 6. a3 h6 7. Bxf6 Nxf6 8. e4
a6 9. g3 g6 10. Bg2 Bb7 11. O-O Bg7 12. Rad1 O-O 13. Qe2 Qc7 14. Rfe1 e5 15.
dxe5 dxe5 16. Nd2 Rad8 17. Nb3 c5 18. Nd5 Nxd5 19. exd5 c4 20. Nc1 Qc5 21. Qd2
1/2-1/2

[Event "Almansa 2014 - Torneo B"]
[Site "Almansa ESP"]
[Date "2014.08.08"]
[Round "7.5"]
[White "Nadal Fajardo, Ricard"]
[Black "Guillen Beltran, Juan"]
[Result "1-0"]
[WhiteElo "1941"]
[BlackElo "1755"]
[PlyCount "65"]
[EventDate "2014.08.05"]
[EventType "swiss"]
[EventRounds "9"]
[EventCountry "ESP"]
[Source "lmi"]
[SourceDate "2014.08.05"]

1. e4 e6 2. d4 d5 3. Nd2 Nf6 4. e5 Nfd7 5. Bd3 c5 6. c3 Nc6 7. Ne2 Qb6 8. Nf3
cxd4 9. cxd4 f6 10. exf6 Nxf6 11. O-O Bd6 12. Nc3 a6 13. a3 O-O 14. Bg5 Bd7 15.
b4 Kh8 16. Na4 Qc7 17. Nc5 e5 18. Nxd7 Qxd7 19. dxe5 Nxe5 20. Nxe5 Bxe5 21.
Bxf6 Rxf6 22. Qh5 g5 23. Rad1 Qg7 24. g3 Raf8 25. Bb1 Rd6 26. Rd3 h6 27. Qd1 d4
28. Rf3 Rdf6 29. Rxf6 Qxf6 30. Qd3 Qf7 31. Qe4 Bf6 32. Re1 Rc8 33. Qf5 1-0

[Event "Almansa 2014 - Torneo B"]
[Site "Almansa ESP"]
[Date "2014.08.08"]
[Round "7.6"]
[White "Cano Gimenez, Vicente"]
[Black "Hernandez Recio, Roberto"]
[Result "1-0"]
[WhiteElo "1715"]
[BlackElo "1860"]
[PlyCount "36"]
[EventDate "2014.08.05"]
[EventType "swiss"]
[EventRounds "9"]
[EventCountry "ESP"]
[Source "lmi"]
[SourceDate "2014.08.05"]

1. e4 c6 2. d4 d5 3. Nc3 dxe4 4. Nxe4 Nf6 5. Nxf6+ exf6 6. c3 Bd6 7. Bd3 Be6 8.
Qc2 Qd7 9. Ne2 Qc7 10. Ng3 Bxg3 11. hxg3 h6 12. Bf4 Qa5 13. O-O g5 14. b4 Qd8
15. Bd2 Nd7 16. f4 Nb6 17. Rae1 Kf8 18. fxg5 hxg5 1-0

[Event "Almansa 2014 - Torneo B"]
[Site "Almansa ESP"]
[Date "2014.08.08"]
[Round "7.7"]
[White "Losa Ordonez, Juan Jose"]
[Black "Cano Gimenez, Vicente"]
[Result "0-1"]
[WhiteElo "1646"]
[BlackElo "1847"]
[PlyCount "62"]
[EventDate "2014.08.05"]
[EventType "swiss"]
[EventRounds "9"]
[EventCountry "ESP"]
[Source "lmi"]
[SourceDate "2014.08.05"]

1. e4 c5 2. Nf3 Nc6 3. d4 cxd4 4. Nxd4 Nf6 5. Nc3 e5 6. Ndb5 d6 7. Bg5 a6 8.
Na3 b5 9. Nd5 Be7 10. Bxf6 Bxf6 11. c4 Nd4 12. cxb5 Bg5 13. f4 Qa5+ 14. b4 Qxa3
15. fxg5 O-O 16. bxa6 Be6 17. Bd3 Bxd5 18. exd5 Qxb4+ 19. Qd2 Qc5 20. Be4 Rxa6
21. Qd3 Qa5+ 22. Kf2 f5 23. gxf6 Rxf6+ 24. Kg3 Qc5 25. Rhc1 Qa7 26. Bxh7+ Kf7
27. Rc3 Nb5 28. Rc2 Ra3 29. Rd1 Rxd3+ 30. Rxd3 Qa4 31. h4 Qxc2 0-1

[Event "Almansa 2014 - Torneo B"]
[Site "Almansa ESP"]
[Date "2014.08.08"]
[Round "7.8"]
[White "Molla Gil, Pablo"]
[Black "Munoz Galdos, Carlos"]
[Result "1/2-1/2"]
[WhiteElo "1789"]
[BlackElo "1748"]
[PlyCount "110"]
[EventDate "2014.08.05"]
[EventType "swiss"]
[EventRounds "9"]
[EventCountry "ESP"]
[Source "lmi"]
[SourceDate "2014.08.05"]

1. e3 Nf6 2. Nf3 g6 3. c4 Bg7 4. Nc3 d5 5. d4 O-O 6. Bd3 dxc4 7. Bxc4 c5 8. O-O
cxd4 9. Nxd4 a6 10. f4 b5 11. Be2 Bb7 12. Bf3 Qb6 13. a3 Nc6 14. Nxc6 Bxc6 15.
Bxc6 Qxc6 16. f5 Rad8 17. Qb3 Nd5 18. fxg6 hxg6 19. Nxd5 Qxd5 20. Qxd5 Rxd5 21.
Ra2 Rfd8 22. b4 Rd1 23. Rc2 R1d3 24. Rc6 R3d6 25. Rxd6 Rxd6 26. Re1 Bc3 27. Rf1
Bd2 28. Bxd2 Rxd2 29. Rf3 e5 30. e4 Kg7 31. Rc3 Ra2 32. h3 Kh6 33. Kh2 Kg5 34.
Kg3 f5 35. h4+ Kh5 36. exf5 gxf5 37. Kh3 Rd2 38. Rg3 Kh6 39. Rc3 Rd6 40. g3 e4
41. Rc5 Kg6 42. Rc2 Re6 43. Kg2 Kh5 44. Rc8 Kg6 45. Kf2 Rd6 46. Ke2 Kg7 47.
Rc7+ Kg6 48. Rc8 Kg7 49. Rc3 Rg6 50. Rc7+ Kf6 51. Rc6+ Kf7 52. Rxg6 Kxg6 53.
Ke3 Kh6 54. Kf4 Kh5 55. Ke3 Kg6 1/2-1/2

[Event "Almansa 2014 - Torneo B"]
[Site "Almansa ESP"]
[Date "2014.08.08"]
[Round "7.9"]
[White "Cano Gimenez, Vicente"]
[Black "Garcia Porlan, Beatriz"]
[Result "1-0"]
[WhiteElo "1653"]
[BlackElo "1960"]
[PlyCount "77"]
[EventDate "2014.08.05"]
[EventType "swiss"]
[EventRounds "9"]
[EventCountry "ESP"]
[Source "lmi"]
[SourceDate "2014.08.05"]

1. d4 d5 2. Nf3 Nf6 3. e3 c6 4. Bd3 Nbd7 5. b3 g6 6. Bb2 Bg7 7. Nbd2 O-O 8. O-O
c5 9. h3 b6 10. Ne5 Nxe5 11. dxe5 Ne8 12. f4 f5 13. g4 Be6 14. Qf3 Rc8 15. c4
dxc4 16. Bxc4 Bxc4 17. Nxc4 b5 18. Rad1 Qc7 19. Qd5+ Kh8 20. Na3 a6 21. Rc1 Qc6
22. Qxc6 Rxc6 23. Bd4 c4 24. bxc4 b4 25. Nb1 Nc7 26. Nd2 Rc8 27. Rc2 Ne6 28.
Rfc1 a5 29. a3 Rd8 30. axb4 axb4 31. Nb3 Ra8 32. Ra1 Ra3 33. Rxa3 bxa3 34. Nd2
Ra6 35. Ra2 Ra4 36. Kf2 h5 37. g5 Nc7 38. Bc5 Ra5 39. Bxe7 1-0

[Event "Almansa 2014 - Torneo B"]
[Site "Almansa ESP"]
[Date "2014.08.08"]
[Round "7.29"]
[White "Diaz Rodriguez, Jose Antonio"]
[Black "Piqueras Guardiola, Francisco"]
[Result "1-0"]
[WhiteElo "1989"]
[BlackElo "1830"]
[PlyCount "121"]
[EventDate "2014.08.05"]
[EventType "swiss"]
[EventRounds "9"]
[EventCountry "ESP"]
[Source "lmi"]
[SourceDate "2014.08.05"]

1. e4 c5 2. Nf3 Nc6 3. Nc3 g6 4. Bb5 Bg7 5. O-O Nf6 6. d3 O-O 7. Bg5 d6 8. Bxc6
bxc6 9. Qd2 Qb6 10. Rab1 Re8 11. Bh6 Bh8 12. h3 Nd7 13. Nd1 Ne5 14. Nxe5 Bxe5
15. f4 Bd4+ 16. Kh1 e6 17. c3 Bg7 18. Bxg7 Kxg7 19. Ne3 Qd8 20. Qf2 f5 21. g4
Rf8 22. Rg1 fxe4 23. dxe4 Qf6 24. Rbf1 Ba6 25. g5 Qe7 26. Rd1 Rf7 27. Rd2 Raf8
28. Rg4 Bc8 29. Qh4 Rd8 30. Rgg2 Qf8 31. Rdf2 Ba6 32. c4 d5 33. Ng4 Bxc4 34. f5
exf5 35. exf5 Rd6 36. fxg6 Rxg6 37. Nf6 Qh8 38. Nh5+ Kf8 39. Qg3 Re6 40. Nf6 h5
41. Qf3 d4 42. Nd7+ Ke8 43. Qxf7+ Kd8 44. Qxe6 Bxe6 45. Rf8+ Qxf8 46. Nxf8 Bd5
47. Ne6+ Bxe6 48. g6 Ke7 49. g7 Bg8 50. Kg1 c4 51. Kf2 Kf6 52. Ke2 c3 53. bxc3
dxc3 54. Kd1 Kf7 55. Kc2 Bh7+ 56. Kxc3 Kg8 57. Kd4 Bf5 58. Ke5 Bxh3 59. Rg5 c5
60. Kf6 c4 61. Rxh5 1-0

[Event "Almansa 2014 - Torneo B"]
[Site "Almansa ESP"]
[Date "2014.08.09"]
[Round "8.1"]
[White "Alvarez Morales, Miguel"]
[Black "Perez Beltran, Jose Maria"]
[Result "1-0"]
[WhiteElo "1979"]
[BlackElo "1697"]
[PlyCount "97"]
[EventDate "2014.08.05"]
[EventType "swiss"]
[EventRounds "9"]
[EventCountry "ESP"]
[Source "lmi"]
[SourceDate "2014.08.05"]

1. Nf3 Nf6 2. c4 e6 3. Nc3 d5 4. d4 Bb4 5. e3 O-O 6. a3 Bxc3+ 7. bxc3 c6 8. Bd3
Nbd7 9. cxd5 cxd5 10. O-O Qc7 11. Bd2 e5 12. dxe5 Nxe5 13. Nxe5 Qxe5 14. Rc1
Be6 15. c4 Ne4 16. f4 Qf5 17. Bb4 Rfe8 18. Qf3 Bd7 19. cxd5 Qxd5 20. Rfd1 Bc6
21. Bb1 Qe6 22. Qe2 Nf6 23. Bc5 Nd5 24. Qh5 Nf6 25. Qe2 Nd5 26. Qh5 Nf6 27. Qh4
Qg4 28. Qxg4 Nxg4 29. Re1 Nf6 30. Bd4 Ne4 31. Be5 f6 32. Rxc6 bxc6 33. Bxe4
Rac8 34. Bf5 fxe5 35. Bxc8 Rxc8 36. f5 Rd8 37. Kf2 Kf7 38. Kf3 Ke7 39. Rc1 Rd6
40. Ke4 g6 41. g4 gxf5+ 42. gxf5 Rh6 43. Kxe5 Rxh2 44. Rxc6 h5 45. Rc7+ Kd8 46.
Rxa7 h4 47. Rh7 h3 48. f6 Rh1 49. Ke6 1-0

[Event "Almansa 2014 - Torneo B"]
[Site "Almansa ESP"]
[Date "2014.08.09"]
[Round "8.2"]
[White "Ostolazaga Barragan, Eneko"]
[Black "Garcia Navarro, Jose Jesus"]
[Result "1-0"]
[WhiteElo "1847"]
[BlackElo "1715"]
[PlyCount "113"]
[EventDate "2014.08.05"]
[EventType "swiss"]
[EventRounds "9"]
[EventCountry "ESP"]
[Source "lmi"]
[SourceDate "2014.08.05"]

1. Nf3 c5 2. c4 g6 3. d4 cxd4 4. Nxd4 Bg7 5. Nc3 Nc6 6. Nc2 Nf6 7. g3 O-O 8.
Bg2 d6 9. O-O Be6 10. Ne3 Qd7 11. Re1 Rac8 12. Qd2 Ne5 13. b3 a6 14. Bb2 Neg4
15. Ned5 Rb8 16. Rac1 b5 17. cxb5 Nxd5 18. Nxd5 Bxd5 19. Bxg7 Kxg7 20. Qxd5
Rxb5 21. Qd4+ Nf6 22. Bc6 Qh3 23. Bxb5 axb5 24. f3 h5 25. Qh4 Qe6 26. e4 Rb8
27. Qf4 Nd7 28. Qe3 Ne5 29. f4 Ng4 30. Qd4+ f6 31. h3 Nh6 32. Kg2 Ra8 33. Rc2
Rc8 34. Rce2 h4 35. e5 dxe5 36. fxe5 Qc6+ 37. Qe4 hxg3 38. Qxc6 Rxc6 39. exf6+
Kxf6 40. Kxg3 Rc5 41. Re6+ Kg5 42. R1e2 Nf5+ 43. Kg2 Nh4+ 44. Kf2 Rf5+ 45. Kg3
Rf3+ 46. Kh2 Rf5 47. Rxe7 Nf3+ 48. Kg3 Nd4 49. R2e5 Kf6 50. Re4 Rd5 51. Rb7
Nf5+ 52. Kf3 Rd3+ 53. Kf2 Rxh3 54. Rg4 Rc3 55. Rb6+ Ke5 56. Rxb5+ Kd6 57. Rxg6+
1-0